Roads in Madison, New Jersey - Statistics

General Stats
  • This quiz has been taken 57 times
    38 since last reset
  • The average score is 90 of 241
Answer Stats
Answer % Correct
Madison
71%
Main
71%
Park (Avenue)
71%
Park (Lane)
71%
Woodland
71%
Green
64%
Hamilton
64%
Kings
64%
Norman
64%
Oak
64%
Pine
64%
Brittin
57%
Dogwood
57%
East (Common)
57%
East (Lane)
57%
East (Street)
57%
John
57%
Lee
57%
North
57%
Pomeroy
57%
Rose
57%
Shunpike
57%
South
57%
West (Common)
57%
West (Lane)
57%
West (Street)
57%
Alexander
50%
Beech
50%
Cedar (Avenue)
50%
Cedar (Street)
50%
Central
50%
Cross
50%
Danforth
50%
Delbarton
50%
Dellwood
50%
Edgewood
50%
Elm
50%
Green Village
50%
Greenwood
50%
Keep
50%
Loantaka (Terrace)
50%
Loantaka (Way)
50%
Maple
50%
Morris
50%
Niles
50%
Prospect (Place)
50%
Prospect (Street)
50%
Ridgedale
50%
Spring Garden
50%
Station
50%
Union
50%
Wayne
50%
Albright
43%
Ashland
43%
Avon
43%
Baker
43%
Brannick
43%
Brooklake
43%
Bruns
43%
Buckingham
43%
Burnet
43%
Campus
43%
Candlewood
43%
Canterbury
43%
Chateau Thierry
43%
Cook
43%
Court
43%
Crestview
43%
Cross Gates
43%
Dean
43%
Drew
43%
Fen
43%
Forest
43%
Garfield
43%
Green Hill
43%
Highview
43%
Howell
43%
James
43%
Knollwood
43%
Lewis
43%
Lorraine
43%
Midwood
43%
Myrtle
43%
Noe
43%
Peachtree
43%
Rosedale
43%
Samson
43%
Serpico
43%
Sherwood
43%
Stafford
43%
Sunset
43%
Trail
43%
Treadwell
43%
Troy
43%
Union Hill
43%
Valevue
43%
Valley
43%
Walnut
43%
Academy
36%
Alma
36%
Anthony
36%
Arlena
36%
Beverly
36%
Broadview
36%
Colonial
36%
Crescent
36%
Division
36%
Dodge
36%
Elmer
36%
Fairview
36%
Glenwild (Circle)
36%
Glenwild (Road)
36%
Grove
36%
Harwood
36%
Hillcrest
36%
Hillside
36%
Hillview
36%
Holden
36%
Howard
36%
Hoyt
36%
Independence
36%
Kensington
36%
Lathrop
36%
Laurel
36%
Locust
36%
Loveland
36%
Olde Greenhouse
36%
Orchard
36%
Overhill
36%
Oxford (Court)
36%
Oxford (Lane)
36%
Page
36%
Pepin
36%
Pine Tree
36%
Plain
36%
Riker
36%
Rolling Hill
36%
Rosewood
36%
Sayre
36%
Seaman
36%
Shadylawn
36%
Shepherd
36%
Stonehedge
36%
Toothe
36%
Village
36%
Washington
36%
Westerly
36%
Winding
36%
Windsor
36%
Amelia
29%
Bardon
29%
Barnsdale
29%
Baumgartner
29%
Belleau
29%
Belmont
29%
Buttenheim
29%
Cambridge
29%
Carteret
29%
Centre
29%
Chapel
29%
Christina
29%
Community
29%
Coursen
29%
Crestwood
29%
Dehart
29%
Douglas
29%
Dwyer
29%
East Dellwood
29%
Essex
29%
Fairwood
29%
Ferndale
29%
Fletcher
29%
Fox Chase
29%
Gibbons
29%
Hunter
29%
John Marshall
29%
Kinney
29%
Klara
29%
Lancaster
29%
Leigh
29%
Lincoln
29%
Linden
29%
Longview
29%
Magnolia
29%
Nordling
29%
North Oak
29%
Parkside
29%
Rockwood
29%
Seven Oaks
29%
Sinclair
29%
South Oak
29%
Strickland
29%
Vinton
29%
Waverly
29%
West Dellwood
29%
Wilmer
29%
Wilson
29%
Wisteria
29%
Woodcliff
29%
Woodside
29%
Wyndehurst
29%
Ardsleigh
21%
Avery
21%
Bedford
21%
Club
21%
Condurso
21%
Cottage
21%
Derby
21%
Durwood
21%
Fairfax
21%
Gatehouse
21%
Glendale
21%
Greenwich
21%
Lawrence
21%
Leeds
21%
Lynnwood
21%
Mayfield
21%
Meadow
21%
Norwich
21%
Plymouth
21%
Rachael
21%
Roscoe
21%
Rosemont
21%
Ross
21%
Route 24
21%
Stonegate
21%
Surrey
21%
Tracey
21%
Twombly
21%
Vinal
21%
Campus North
14%
Chelsea
14%
Del Webb
14%
Esti
14%
Hempstead
14%
Highland
14%
Kingston
14%
Redmond
14%
South Dellwood
14%
West End
14%
Beaupland
7%
No matching quizzes found
Score Distribution
Percent of People with Each Score
Percentile by Number Answered
Your Score History
You have not taken this quiz since the last reset